[Event "Bassano del Grappa Vergani Cup Elitte-A"]
[Site "Bassano del Grappa"]
[Date "2021.01.05"]
[Round "4"]
[White "Tripodi, Enzo"]
[Black "Mitran, Anthony Cristian"]
[Result "0-1"]
[WhiteElo "2070"]
[BlackElo "2157"]
[PlyCount "78"]
[EventDate "2021.01.03"]
[EventType "swiss"]
[EventRounds "9"]
[EventCountry "ITA"]
[SourceTitle "EXT 2022"]
[Source "ChessBase"]
[SourceDate "2021.10.06"]
[SourceVersion "1"]
[SourceVersionDate "2021.10.06"]
[SourceQuality "1"]

1. e4 c5 2. b3 b6 3. Nc3 g6 4. Bb2 Bg7 5. Bc4 Bb7 6. d3 e6 7. Nf3 Nc6 8. 0-0 Nge7 9. Re1 a6 10. a4 d6 11. Ng5 h6 12. Nh3 0-0 13. Nf4 Nd4 14. Rb1 d5 15. exd5 exd5 16. Rxe7 Qxe7 17. Ncxd5 Qd6 18. Bxd4 cxd4 19. Qg4 b5 20. Qxg6 Qxg6 21. Ne7+ Kh7 22. Nfxg6 fxg6 23. axb5 axb5 24. Bxb5 Bf6 25. Re1 Rae8 26. Bxe8 Rxe8 27. Kf1 Rxe7 28. Ra1 Rc7 29. Ra2 Kg7 30. f3 h5 31. b4 Bd5 32. Ra5 Bf7 33. f4 Rxc2 34. Ra7 Rb2 35. Rb7 Rd2 36. b5 Rxd3 37. b6 Rb3 38. Rb8 Rb2 39. h3 d3 0-1

[Event "Sitges Sunway 7th"]
[Site "Sitges"]
[Date "2020.12.15"]
[Round "3"]
[White "Mitran, Anthony Cristian"]
[Black "Martin Duque, Jesus"]
[Result "1/2-1/2"]
[WhiteElo "2157"]
[BlackElo "2414"]
[PlyCount "81"]
[EventDate "2020.12.13"]
[EventType "swiss"]
[EventRounds "10"]
[EventCountry "ESP"]
[SourceTitle "CBM 199 Extra"]
[Source "ChessBase"]
[SourceDate "2021.01.31"]
[SourceVersion "1"]
[SourceVersionDate "2021.01.31"]
[SourceQuality "1"]

1. c4 b6 2. Nc3 Bb7 3. e4 c5 4. Nf3 Nc6 5. d4 cxd4 6. Nxd4 g6 7. Bg5 Bg7 8. Ndb5 Nf6 9. Bxf6 Bxf6 10. Nd5 Be5 11. f4 Bb8 12. Qd2 0-0 13. 0-0-0 a6 14. Na3 e5 15. f5 Nd4 16. Qh6 Bxd5 17. cxd5 b5 18. Rd3 Qf6 19. Rh3 Rc8+ 20. Kb1 Bd6 21. Qxh7+ Kf8 22. fxg6 Qxg6 23. Qxg6 fxg6 24. Rh7 Bxa3 25. bxa3 d6 26. g3 Kg8 27. Rd7 Rd8 28. Rxd8+ Rxd8 29. Bd3 Rf8 30. Rf1 Rxf1+ 31. Bxf1 a5 32. Kb2 Kf7 33. Kc3 Ke7 34. h4 Kf6 35. Kd2 g5 36. Be2 gxh4 37. gxh4 Kg6 38. Bd1 Kf6 39. Ke3 Kg6 40. Kd2 Kf6 41. Ke3 1/2-1/2

[Event "Budapest FS08 IM"]
[Site "Budapest"]
[Date "2020.08.01"]
[Round "1"]
[White "Marosi, Levente"]
[Black "Mitran, Anthony Cristian"]
[Result "0-1"]
[WhiteElo "2268"]
[BlackElo "2094"]
[PlyCount "90"]
[EventDate "2020.08.01"]
[EventType "tourn"]
[EventRounds "9"]
[EventCountry "HUN"]
[EventCategory "1"]
[SourceTitle "EXT 2021"]
[Source "ChessBase"]
[SourceDate "2020.10.23"]
[SourceVersion "1"]
[SourceVersionDate "2020.10.23"]
[SourceQuality "1"]

1. e4 g6 2. d4 Bg7 3. Nf3 c6 4. Nc3 d5 5. h3 Nf6 6. Bd3 dxe4 7. Nxe4 Nxe4 8. Bxe4 Nd7 9. 0-0 0-0 10. Re1 c5 11. c3 cxd4 12. Nxd4 Nc5 13. Bf3 e5 14. Nb3 Nd3 15. Re2 Nxc1 16. Rxc1 a5 17. Nc5 Ra7 18. Qb3 Qc7 19. Na4 b5 20. Qxb5 Ba6 21. Qb3 Bxe2 22. Bxe2 e4 23. c4 Rb7 24. Qc2 e3 25. Bf3 exf2+ 26. Qxf2 Qf4 27. Rd1 Re7 28. Nb6 Re6 29. Nd5 Qxc4 30. b3 Qc8 31. Qa7 Rfe8 32. Qxa5 Ra6 33. Qc7 Qe6 34. a4 Be5 35. Qc4 Bg3 36. Rf1 Rd6 37. a5 Red8 38. Rd1 Kg7 39. b4 Rc6 40. Qd3 Re8 41. Rf1 Qe1 42. Qd4+ Kh6 43. Qd1 Rce6 44. Nc7 Qxd1 45. Bxd1 Bxc7 0-1

[Event "Cappelle op 36th"]
[Site "Cappelle la Grande"]
[Date "2020.02.22"]
[Round "1"]
[White "Mitran, Anthony Cristian"]
[Black "Bellahcene, Bilel"]
[Result "0-1"]
[WhiteElo "2117"]
[BlackElo "2510"]
[PlyCount "104"]
[EventDate "2020.02.22"]
[EventType "swiss"]
[EventRounds "9"]
[EventCountry "FRA"]
[SourceTitle "CBM 195 Extra"]
[Source "ChessBase"]
[SourceDate "2020.05.31"]
[SourceVersion "1"]
[SourceVersionDate "2020.05.31"]
[SourceQuality "1"]

1. Nf3 Nf6 2. c4 e6 3. Nc3 d5 4. d4 Bb4 5. Bg5 h6 6. Bh4 dxc4 7. Qa4+ Nc6 8. a3 Bxc3+ 9. bxc3 Qd5 10. Nd2 b5 11. Qc2 Bb7 12. e4 Nxe4 13. Qxe4 Qxe4+ 14. Nxe4 Nxd4 15. Nf6+ gxf6 16. cxd4 Ke7 17. Rb1 a6 18. f3 Bd5 19. Kd2 Rhd8 20. Kc3 Rdb8 21. a4 c6 22. a5 Rg8 23. Bg3 h5 24. Rg1 Rg6 25. Be2 Rag8 26. Rge1 Rh8 27. Bf1 h4 28. Bf4 Rh5 29. h3 Kd7 30. Kb4 Rg8 31. Rb2 Rc8 32. Bh2 e5 33. Rbe2 Be6 34. dxe5 c5+ 35. Kc3 fxe5 36. Rxe5 Rxe5 37. Bxe5 Kc6 38. Rd1 b4+ 39. Kb2 Kb5 40. Rd6 Kxa5 41. Bf6 Kb5 42. Bxh4 a5 43. Bf6 a4 44. h4 a3+ 45. Ka1 Bf5 46. g4 Re8 47. Rd1 Bc2 48. Rc1 b3 49. h5 Kb4 50. Bxc4 Kxc4 51. h6 Rb8 52. Bb2 axb2+ 0-1

[Event "Arad op 12th"]
[Site "Arad"]
[Date "2019.07.27"]
[Round "5"]
[White "Mitran, Anthony Cristian"]
[Black "Soltanici, Ruslan"]
[Result "0-1"]
[WhiteElo "2089"]
[BlackElo "2408"]
[PlyCount "102"]
[EventDate "2019.07.24"]
[EventType "swiss"]
[EventRounds "9"]
[EventCountry "ROU"]
[SourceTitle "CBM 191 Extra"]
[Source "ChessBase"]
[SourceDate "2019.09.30"]
[SourceVersion "1"]
[SourceVersionDate "2019.09.30"]
[SourceQuality "1"]

1. d4 Nf6 2. Nf3 e6 3. g3 b6 4. Bg2 Bb7 5. 0-0 c5 6. c4 cxd4 7. Nxd4 Bxg2 8. Kxg2 Qc8 9. b3 Be7 10. Bb2 Qb7+ 11. Kg1 a6 12. Nc3 0-0 13. Re1 d6 14. e4 Nbd7 15. Qe2 Rfe8 16. Rad1 Bf8 17. Nc2 Rac8 18. g4 h6 19. h4 h5 20. f3 hxg4 21. fxg4 Ne5 22. g5 Nfd7 23. Rf1 b5 24. cxb5 axb5 25. Nd4 b4 26. Na4 Nc5 27. Nxc5 Rxc5 28. Rc1 d5 29. exd5 Rxc1 30. Bxc1 Qxd5 31. Be3 Bc5 32. Nc2 Rc8 33. Qf2 Bf8 34. Nd4 Rc3 35. Qf4 Rxe3 36. Qxe3 Bc5 37. Qf4 Bxd4+ 38. Kh2 Qc5 39. Rc1 Bc3 40. Rf1 Qa7 41. Kh3 Qxa2 42. h5 Qe2 43. h6 Bd2 44. h7+ Kxh7 45. Qh4+ Kg8 46. Ra1 Qf3+ 47. Qg3 Qxg3+ 48. Kxg3 Bxg5 49. Ra5 f6 50. Rb5 Bd2 51. Kf2 g5 0-1

[Event "BEL-chT 1819"]
[Site "Belgium"]
[Date "2018.10.07"]
[Round "2.7"]
[White "Dardha, Daniel"]
[Black "Mitran, Anthony Cristian"]
[Result "1/2-1/2"]
[WhiteElo "2299"]
[BlackElo "2080"]
[PlyCount "123"]
[EventDate "2018.09.30"]
[EventType "team-tourn"]
[EventRounds "11"]
[EventCountry "BEL"]
[SourceTitle "CBM 186 Extra"]
[Source "ChessBase"]
[SourceDate "2018.08.24"]
[SourceVersion "1"]
[SourceVersionDate "2018.08.24"]
[SourceQuality "1"]
[WhiteTeam "Fontaine"]
[BlackTeam "Brasschaat"]
[WhiteTeamCountry "BEL"]
[BlackTeamCountry "BEL"]

1. d4 g6 2. g3 Bg7 3. Bg2 d5 4. Nf3 Nf6 5. 0-0 0-0 6. c4 c6 7. b3 Bf5 8. Bb2 Nbd7 9. cxd5 cxd5 10. Nc3 Qa5 11. Ne5 Be6 12. Nxd7 Bxd7 13. Qe1 Qb6 14. Bxd5 Nxd5 15. Nxd5 Qd6 16. Nf4 g5 17. Ng2 Bh3 18. Qd2 h6 19. Rfd1 f5 20. d5 Bxb2 21. Qxb2 f4 22. Qd4 Rf6 23. e4 fxe3 24. Nxe3 Raf8 25. Rd2 b5 26. Re1 a6 27. Ng4 Bxg4 28. Qxg4 Qc5 29. Qe2 Rxf2 30. Qxf2 Rxf2 31. Rxf2 Qxd5 32. Rxe7 Qd1+ 33. Rf1 Qd4+ 34. Rf2 Qd1+ 35. Kg2 Qd5+ 36. Kf1 Qd3+ 37. Ree2 Qd1+ 38. Re1 Qd3+ 39. Kg2 Qd5+ 40. Kg1 Qd4 41. h3 Qd6 42. Kg2 Kg7 43. Rc2 h5 44. Rec1 Qd5+ 45. Kg1 h4 46. gxh4 Qd4+ 47. Rf2 Qxh4 48. Rc3 a5 49. Re3 a4 50. Kg2 Qd4 51. Rg3 Kg6 52. bxa4 bxa4 53. Rg4 Qd5+ 54. Kh2 Kh5 55. Kg1 Qd1+ 56. Kg2 Qd5+ 57. Kh2 Qd6+ 58. Kh1 Qd3 59. Kg2 Qd5+ 60. Kg3 Qe5+ 61. Kf3 Qd5+ 62. Kg3 1/2-1/2

[Event "Brasschaat op 18th"]
[Site "Brasschaat"]
[Date "2018.08.23"]
[Round "6"]
[White "Mitran, Anthony Cristian"]
[Black "Grochal, Joey"]
[Result "1/2-1/2"]
[WhiteElo "2080"]
[BlackElo "2300"]
[PlyCount "141"]
[EventDate "2018.08.18"]
[EventType "swiss"]
[EventRounds "9"]
[EventCountry "BEL"]
[SourceTitle "CBM 186 Extra"]
[Source "ChessBase"]
[SourceDate "2018.08.24"]
[SourceVersion "1"]
[SourceVersionDate "2018.08.24"]
[SourceQuality "1"]

1. Nf3 Nf6 2. b3 d6 3. d4 g6 4. Bb2 Bg7 5. g3 0-0 6. Bg2 Bg4 7. h3 Bd7 8. 0-0 Qc8 9. Kh2 c5 10. Nbd2 cxd4 11. Nxd4 Nc6 12. Nc4 Nxd4 13. Bxd4 Bc6 14. f3 Qc7 15. Qd2 Rac8 16. a4 b6 17. e4 Rfd8 18. Qf2 d5 19. Be5 Qb7 20. exd5 Rxd5 21. f4 Rd7 22. Bxc6 Qxc6 23. Rad1 Rcd8 24. Qe2 Qe4 25. Qxe4 Nxe4 26. Rxd7 Rxd7 27. Bxg7 Kxg7 28. Kg2 f5 29. Re1 a6 30. Re2 b5 31. axb5 axb5 32. Ne5 Rd1 33. Nd3 Kf6 34. Nb4 e5 35. h4 exf4 36. gxf4 Kg7 37. Nd3 Kh6 38. Nf2 Nxf2 39. Kxf2 Kh5 40. Kg3 Rg1+ 41. Kf3 b4 42. Re7 h6 43. Rb7 Rc1 44. Rxb4 Rxc2 45. Rb6 Rh2 46. Kg3 Rh1 47. b4 Rg1+ 48. Kf3 Kxh4 49. Rc6 Kh5 50. Rc2 g5 51. fxg5 hxg5 52. Rb2 g4+ 53. Kf2 Rh1 54. Kg2 Rd1 55. b5 f4 56. b6 Rd8 57. b7 Rb8 58. Rb6 Kg5 59. Kf2 Kf5 60. Rb5+ Ke4 61. Rb4+ Ke5 62. Rb5+ Ke6 63. Rb4 Ke5 64. Rb5+ Kd6 65. Rb4 g3+ 66. Kf3 Kc7 67. Rxf4 Rg8 68. Rb4 g2 69. b8Q+ Rxb8 70. Rc4+ Kd6 71. Kxg2 1/2-1/2

[Event "Charleroi op"]
[Site "Charleroi"]
[Date "2018.08.04"]
[Round "9"]
[White "Russian, Carlo"]
[Black "Mitran, Anthony Cristian"]
[Result "1-0"]
[WhiteElo "1992"]
[BlackElo "2096"]
[PlyCount "59"]
[EventDate "2018.07.28"]
[EventType "swiss"]
[EventRounds "9"]
[EventCountry "BEL"]
[SourceTitle "CBM 185 Extra"]
[Source "ChessBase"]
[SourceDate "2018.07.29"]
[SourceVersion "1"]
[SourceVersionDate "2018.07.29"]
[SourceQuality "1"]

1. e4 g6 2. d4 Bg7 3. Nc3 c6 4. Nf3 d5 5. h3 dxe4 6. Nxe4 Nd7 7. Bc4 Ngf6 8. Nxf6+ Nxf6 9. 0-0 0-0 10. Re1 b5 11. Bb3 Bb7 12. Bg5 e6 13. Ne5 Kh8 14. Qf3 Rc8 15. Ng4 c5 16. Qxb7 h6 17. Nxh6 Rc7 18. Qf3 Qxd4 19. c3 Qd7 20. Bxf6 c4 21. Rad1 Qc8 22. Bc2 Rc5 23. Ng4 Qc7 24. Bxg7+ Kxg7 25. Qf6+ Kg8 26. Nh6+ Kh7 27. Bxg6+ Kxh6 28. Bxf7+ Kh7 29. Qg6+ Kh8 30. Qh6# 1-0

[Event "Charleroi op"]
[Site "Charleroi"]
[Date "2018.08.01"]
[Round "6"]
[White "Mitran, Anthony Cristian"]
[Black "Geuquet, Michael"]
[Result "1-0"]
[WhiteElo "2096"]
[BlackElo "1912"]
[PlyCount "47"]
[EventDate "2018.07.28"]
[EventType "swiss"]
[EventRounds "9"]
[EventCountry "BEL"]
[SourceTitle "CBM 185 Extra"]
[Source "ChessBase"]
[SourceDate "2018.07.29"]
[SourceVersion "1"]
[SourceVersionDate "2018.07.29"]
[SourceQuality "1"]

1. Nf3 d5 2. e3 Nf6 3. c4 c6 4. b3 Bg4 5. Bb2 Nbd7 6. d4 e6 7. Nbd2 Bd6 8. h3 Bh5 9. Qc2 Bg6 10. Bd3 Bxd3 11. Qxd3 0-0 12. 0-0 Re8 13. e4 dxe4 14. Nxe4 Nxe4 15. Qxe4 Qf6 16. Ne5 Bxe5 17. dxe5 Qe7 18. Rfd1 Red8 19. Rd6 Nb6 20. Rad1 Rxd6 21. Rxd6 Rd8 22. Qd4 Rxd6 23. exd6 Qf6 24. Qxb6 1-0

[Event "Ghent Eastman op 41st"]
[Site "Ghent"]
[Date "2018.07.18"]
[Round "9"]
[White "Mitran, Anthony Cristian"]
[Black "Hamblok, Roel"]
[Result "0-1"]
[WhiteElo "2096"]
[BlackElo "2286"]
[PlyCount "60"]
[EventDate "2018.07.14"]
[EventType "swiss"]
[EventRounds "9"]
[EventCountry "BEL"]
[SourceTitle "CBM 185 Extra"]
[Source "ChessBase"]
[SourceDate "2018.07.29"]
[SourceVersion "1"]
[SourceVersionDate "2018.07.29"]
[SourceQuality "1"]

1. Nf3 d5 2. e3 Nf6 3. c4 e6 4. b3 Nbd7 5. Bb2 b6 6. Nc3 Bb7 7. d4 a6 8. Be2 Bd6 9. 0-0 0-0 10. cxd5 exd5 11. Bd3 Ne4 12. Ne2 Qe7 13. Rc1 f5 14. Qc2 Rac8 15. Ng3 g5 16. Rfe1 g4 17. Nd2 h5 18. Ndxe4 fxe4 19. Bf1 Qg5 20. Be2 Rf7 21. Bd1 Rcf8 22. Nf1 Qh4 23. Ng3 Rxf2 24. Qxf2 Rxf2 25. Kxf2 Qxh2 26. Ne2 Qh4+ 27. Kf1 Qh1+ 28. Ng1 Bh2 29. Kf2 g3+ 30. Ke2 Qxg2# 0-1

[Event "Rheinland Pfalz op 10th"]
[Site "Nickenich"]
[Date "2018.06.02"]
[Round "5"]
[White "Mitran, Anthony Cristian"]
[Black "Steinhauser, Florian"]
[Result "1-0"]
[WhiteElo "2032"]
[BlackElo "1778"]
[PlyCount "87"]
[EventDate "2018.05.31"]
[EventType "swiss"]
[EventRounds "7"]
[EventCountry "GER"]
[SourceTitle "EXT 2019"]
[Source "ChessBase"]
[SourceDate "2018.10.10"]
[SourceVersion "1"]
[SourceVersionDate "2018.10.10"]
[SourceQuality "1"]

1. Nf3 c5 2. e3 Nc6 3. b3 e5 4. d3 g6 5. Bb2 Bg7 6. Be2 d6 7. Nbd2 Nge7 8. c3 Bd7 9. 0-0 0-0 10. d4 f5 11. dxc5 dxc5 12. Bc4+ Kh8 13. Ng5 Qe8 14. Ne6 Bxe6 15. Bxe6 b5 16. c4 Nd8 17. Bd5 Nxd5 18. cxd5 e4 19. Bxg7+ Kxg7 20. Qc2 Nb7 21. f3 exf3 22. Qc3+ Kg8 23. Nxf3 Qe7 24. Rfe1 Rac8 25. a4 b4 26. Qd3 Nd6 27. Nd2 Ne4 28. Nxe4 Qxe4 29. Qd2 Rfd8 30. Red1 Rd6 31. Rac1 g5 32. Rc4 Qe5 33. Qd3 Re8 34. Kf2 Qxh2 35. Rxc5 Qh4+ 36. Kg1 Rh6 37. d6 Qh2+ 38. Kf2 Qh4+ 39. Ke2 Qg4+ 40. Kd2 Qxg2+ 41. Kc1 Rh2 42. Qc4+ Kh8 43. Qd4+ Kg8 44. Rc7 1-0

[Event "Rheinland Pfalz op 10th"]
[Site "Nickenich"]
[Date "2018.06.01"]
[Round "3"]
[White "Mitran, Anthony Cristian"]
[Black "Barzen, Pascal"]
[Result "1/2-1/2"]
[WhiteElo "2032"]
[BlackElo "2299"]
[PlyCount "77"]
[EventDate "2018.05.31"]
[EventType "swiss"]
[EventRounds "7"]
[EventCountry "GER"]
[SourceTitle "CBM 184 Extra"]
[Source "ChessBase"]
[SourceDate "2018.06.28"]
[SourceVersion "1"]
[SourceVersionDate "2018.06.28"]
[SourceQuality "1"]

1. Nf3 Nf6 2. e3 e6 3. c4 d5 4. b3 Be7 5. Bb2 0-0 6. Nc3 b6 7. d4 Bb7 8. cxd5 exd5 9. Bd3 c5 10. 0-0 Na6 11. a3 Nc7 12. Ne2 Ne6 13. Ng3 g6 14. Ne5 cxd4 15. exd4 Nf4 16. Bb5 Rc8 17. Rc1 Qd6 18. Re1 a6 19. Bf1 Ne6 20. a4 Rxc1 21. Qxc1 Qb4 22. Qe3 Qd6 23. Bd3 Re8 24. f4 Bf8 25. f5 Nd8 26. Qg5 Ne4 27. Nxe4 dxe4 28. Bc4 Bg7 29. fxg6 hxg6 30. Qxg6 Qxg6 31. Nxg6 Kh7 32. Ne5 f5 33. g3 Ne6 34. Rd1 Ng5 35. Kf2 Rd8 36. Nf7 Nxf7 37. Bxf7 Bd5 38. Bxd5 Rxd5 39. Ke2 1/2-1/2

[Event "Charleroi op"]
[Site "Charleroi"]
[Date "2017.08.03"]
[Round "7"]
[White "Hautot, Stephane"]
[Black "Mitran, Anthony Cristian"]
[Result "1-0"]
[WhiteElo "2379"]
[BlackElo "2114"]
[PlyCount "87"]
[EventDate "2017.07.29"]
[EventType "swiss"]
[EventRounds "9"]
[EventCountry "BEL"]
[SourceTitle "CBM 179 Extra"]
[Source "ChessBase"]
[SourceDate "2017.08.23"]
[SourceVersion "1"]
[SourceVersionDate "2017.08.23"]
[SourceQuality "1"]

1. e4 e5 2. d4 exd4 3. Nf3 d6 4. Nxd4 Nf6 5. Nc3 Be7 6. Bc4 Nc6 7. 0-0 0-0 8. Re1 Nd7 9. Nd5 Nb6 10. Nxc6 bxc6 11. Nxe7+ Qxe7 12. Bd3 c5 13. b3 Nd7 14. f4 Bb7 15. Bb2 Rae8 16. Qd2 Nb6 17. a4 Qd8 18. Rad1 f6 19. a5 Nd7 20. Bc4+ Kh8 21. e5 fxe5 22. fxe5 Nxe5 23. Bxe5 dxe5 24. Qxd8 Rxd8 25. Rxd8 Rxd8 26. Rxe5 g6 27. Rxc5 Rd7 28. Bd3 Rf7 29. a6 Ba8 30. Re5 Bc6 31. b4 Rd7 32. b5 Bd5 33. Be2 Kg7 34. c4 Bf7 35. c5 Kf6 36. Re3 Rd2 37. b6 cxb6 38. cxb6 axb6 39. a7 Bd5 40. Bf3 Ra2 41. Bxd5 Rxa7 42. Re6+ Kg5 43. Rxb6 Kh6 44. Rb7 1-0

[Event "BEL-ch op"]
[Site "Niel"]
[Date "2017.07.06"]
[Round "6"]
[White "Mitran, Anthony Cristian"]
[Black "Vande Velde, Erik"]
[Result "1/2-1/2"]
[WhiteElo "2052"]
[BlackElo "1872"]
[PlyCount "90"]
[EventDate "2017.07.01"]
[EventType "swiss"]
[EventRounds "9"]
[EventCountry "BEL"]
[SourceTitle "EXT 2018"]
[Source "ChessBase"]
[SourceDate "2017.10.13"]
[SourceVersion "1"]
[SourceVersionDate "2017.10.13"]
[SourceQuality "1"]

1. d4 d5 2. Nf3 Nf6 3. e3 c6 4. c4 e6 5. Nbd2 Nbd7 6. Bd3 dxc4 7. Nxc4 Bb4+ 8. Bd2 Bxd2+ 9. Qxd2 0-0 10. e4 Nb6 11. Ne3 Qe7 12. 0-0 Bd7 13. Rac1 Rfd8 14. Rfe1 Be8 15. b4 Qf8 16. Bc2 Nfd7 17. Qc3 Rac8 18. a4 f6 19. a5 Na8 20. Qb2 Bf7 21. Bb1 Nc7 22. Red1 Nb8 23. Bd3 Bh5 24. Bc4 Bxf3 25. gxf3 Kh8 26. Kh1 Qe8 27. f4 Nb5 28. f3 Qh5 29. Kg2 Qg6+ 30. Kh1 Qh5 31. Kg2 Qg6+ 32. Kf2 Re8 33. Qb3 Rcd8 34. Bxb5 cxb5 35. f5 Qh5 36. fxe6 Qxh2+ 37. Ng2 Nc6 38. Rh1 Nxd4 39. Qa2 Qe5 40. Rxh7+ Kxh7 41. Rh1+ Kg8 42. e7+ Qe6 43. Qxe6+ Nxe6 44. exd8Q Rxd8 45. Ke3 Nd4 1/2-1/2

[Event "BEL-ch op"]
[Site "Niel"]
[Date "2017.07.02"]
[Round "2"]
[White "Mitran, Anthony Cristian"]
[Black "Mollekens, Roeland"]
[Result "1/2-1/2"]
[WhiteElo "2052"]
[BlackElo "1977"]
[PlyCount "46"]
[EventDate "2017.07.01"]
[EventType "swiss"]
[EventRounds "9"]
[EventCountry "BEL"]
[SourceTitle "EXT 2018"]
[Source "ChessBase"]
[SourceDate "2017.10.13"]
[SourceVersion "1"]
[SourceVersionDate "2017.10.13"]
[SourceQuality "1"]

1. d4 Nf6 2. c4 b6 3. Nf3 Bb7 4. g3 Bxf3 5. exf3 e6 6. Bg2 d5 7. 0-0 Be7 8. Nc3 0-0 9. f4 c6 10. f5 exf5 11. cxd5 cxd5 12. Qb3 Nc6 13. Nxd5 Nxd5 14. Bxd5 Nxd4 15. Qc4 Bf6 16. Bxa8 Qxa8 17. Rd1 Nf3+ 18. Kf1 Nxh2+ 19. Kg1 Nf3+ 20. Kf1 Nh2+ 21. Kg1 Nf3+ 22. Kf1 Nh2+ 23. Kg1 Nf3+ 1/2-1/2

[Event "Hilversum op"]
[Site "Hilversum"]
[Date "2017.06.24"]
[Round "4"]
[White "Mitran, Anthony Cristian"]
[Black "Galje, Hans"]
[Result "1/2-1/2"]
[WhiteElo "2052"]
[BlackElo "2102"]
[PlyCount "80"]
[EventDate "2017.06.23"]
[EventType "swiss"]
[EventRounds "6"]
[EventCountry "NED"]
[SourceTitle "CBM 179 Extra"]
[Source "ChessBase"]
[SourceDate "2017.08.23"]
[SourceVersion "1"]
[SourceVersionDate "2017.08.23"]
[SourceQuality "1"]

1. d4 Nf6 2. c4 e6 3. Nf3 c5 4. d5 d6 5. Nc3 exd5 6. cxd5 g6 7. g3 Bg7 8. Bg2 0-0 9. 0-0 Re8 10. Bf4 Na6 11. Re1 Bg4 12. h3 Bxf3 13. Bxf3 Nc7 14. a4 a6 15. e4 Rb8 16. e5 dxe5 17. Bxe5 Nd7 18. Bxg7 Kxg7 19. Rxe8 Nxe8 20. Qe2 Nd6 21. Kg2 Qf6 22. Re1 Re8 23. Qd1 Rxe1 24. Qxe1 Ne5 25. Be2 g5 26. Qd2 h6 27. Qe3 c4 28. Ne4 Nxe4 29. Qxe4 b5 30. axb5 axb5 31. Qd4 Nd7 32. Qd2 Qd6 33. Bf3 Ne5 34. Be4 Nd3 35. Qc3+ f6 36. Qa5 Qc5 37. f3 Qf2+ 38. Kh1 Qe1+ 39. Qxe1 Nxe1 40. g4 Nd3 1/2-1/2

[Event "Hilversum op"]
[Site "Hilversum"]
[Date "2017.06.24"]
[Round "3"]
[White "Nagtegaal, Kees"]
[Black "Mitran, Anthony Cristian"]
[Result "1/2-1/2"]
[WhiteElo "2286"]
[BlackElo "2052"]
[PlyCount "65"]
[EventDate "2017.06.23"]
[EventType "swiss"]
[EventRounds "6"]
[EventCountry "NED"]
[SourceTitle "CBM 179 Extra"]
[Source "ChessBase"]
[SourceDate "2017.08.23"]
[SourceVersion "1"]
[SourceVersionDate "2017.08.23"]
[SourceQuality "1"]

1. e4 c5 2. Nf3 Nc6 3. Bb5 g6 4. 0-0 Bg7 5. Re1 Qb6 6. Na3 a6 7. Bxc6 Qxc6 8. d4 cxd4 9. Nxd4 Qa4 10. e5 d6 11. b3 Qd7 12. exd6 Qxd6 13. c3 b5 14. Qf3 Qb8 15. Bf4 Qb7 16. Qd3 Nf6 17. c4 bxc4 18. Nxc4 0-0 19. Be5 Bd7 20. Rad1 Bb5 21. a4 Bxc4 22. bxc4 Rac8 23. Rb1 Qd7 24. Qb3 Nh5 25. Bxg7 Nxg7 26. Nf3 Qc7 27. Rbc1 Ne6 28. Qe3 Rfe8 29. Ne5 Ng7 30. Qf3 f6 31. Ng4 Nf5 32. Qd5+ Kg7 33. Ne3 1/2-1/2

[Event "Flemish-ch"]
[Site "Ghent"]
[Date "2017.05.26"]
[Round "4"]
[White "Van Herck, Marcel"]
[Black "Mitran, Anthony Cristian"]
[Result "1-0"]
[WhiteElo "2167"]
[BlackElo "2046"]
[PlyCount "87"]
[EventDate "2017.05.25"]
[EventType "swiss"]
[EventRounds "7"]
[EventCountry "BEL"]
[SourceTitle "CBM 178 Extra"]
[Source "ChessBase"]
[SourceDate "2017.06.22"]
[SourceVersion "1"]
[SourceVersionDate "2017.06.22"]
[SourceQuality "1"]

1. d4 d5 2. c4 e6 3. Nc3 Nf6 4. Nf3 Be7 5. Bg5 Nbd7 6. e3 0-0 7. Qc2 c6 8. Bd3 Re8 9. 0-0 h6 10. Bh4 dxc4 11. Bxc4 b5 12. Be2 a6 13. Rfd1 Qb6 14. e4 Bb7 15. Rac1 Nf8 16. e5 Nd5 17. Bxe7 Nxc3 18. Bc5 Nxe2+ 19. Qxe2 Qd8 20. Nd2 Qd5 21. a3 Nd7 22. Ne4 Nxc5 23. Rxc5 Qd7 24. Qg4 Kh8 25. Qh5 Qe7 26. Rd3 Rad8 27. Nd6 Rf8 28. Rf3 Kg8 29. Rg3 Kh8 30. Rf3 Kg8 31. Rg3 Kh8 32. Qg4 f6 33. Qh4 Qc7 34. Rg6 Kh7 35. Rg3 fxe5 36. Qe4+ Kh8 37. dxe5 Qb6 38. b4 Rd7 39. h4 Ba8 40. Qg6 Re7 41. Rd3 a5 42. Ne4 Qa7 43. bxa5 Rg8 44. Ng5 1-0

[Event "BEL-ch U20"]
[Site "Blankenberge"]
[Date "2017.04.15"]
[Round "9"]
[White "Snoeks, Pieter Jan"]
[Black "Mitran, Anthony Cristian"]
[Result "1/2-1/2"]
[WhiteElo "1888"]
[BlackElo "2142"]
[PlyCount "76"]
[EventDate "2017.04.09"]
[EventType "swiss"]
[EventRounds "9"]
[EventCountry "BEL"]
[SourceTitle "CBM 178 Extra"]
[Source "ChessBase"]
[SourceDate "2017.06.22"]
[SourceVersion "1"]
[SourceVersionDate "2017.06.22"]
[SourceQuality "1"]

1. d4 d5 2. c4 e6 3. Nf3 Nf6 4. Bf4 Bb4+ 5. Nbd2 0-0 6. e3 b6 7. Rc1 Bb7 8. Be2 Nbd7 9. 0-0 Be7 10. Bg3 c5 11. dxc5 bxc5 12. Qb3 Qb6 13. Rfd1 Rfd8 14. Ne5 Nxe5 15. Bxe5 Nd7 16. Bg3 Bf6 17. Bf3 Ne5 18. Bxe5 Bxe5 19. cxd5 Bxd5 20. Nc4 Qxb3 21. axb3 Bf6 22. Bxd5 Rxd5 23. Kf1 Rb8 24. Rxd5 exd5 25. Na5 Rb5 26. Nc6 Bxb2 27. Rd1 d4 28. exd4 cxd4 29. Nxd4 Rd5 30. Re1 g6 31. Nc6 Rd2 32. Re2 Rd1+ 33. Re1 Rd2 34. Re2 Rd1+ 35. Re1 Rd3 36. Re8+ Kg7 37. Rb8 Rd2 38. b4 a6 1/2-1/2

[Event "Flandern-ch Expert"]
[Site "Ghent"]
[Date "2016.05.08"]
[Round "7"]
[White "Mitran, Anthony Cristian"]
[Black "Goormachtigh, Johan"]
[Result "0-1"]
[WhiteElo "2094"]
[BlackElo "2184"]
[PlyCount "50"]
[EventDate "2016.05.05"]
[EventType "swiss"]
[EventRounds "7"]
[EventCountry "BEL"]
[SourceTitle "EXT 2017"]
[Source "ChessBase"]
[SourceDate "2016.10.25"]
[SourceVersion "1"]
[SourceVersionDate "2016.10.25"]
[SourceQuality "1"]

1. d4 Nf6 2. c4 g6 3. f3 Nc6 4. e4 e5 5. dxe5 Nxe5 6. Be3 Bg7 7. Nc3 d6 8. Be2 0-0 9. Qd2 Be6 10. Nd5 c6 11. Nxf6+ Bxf6 12. Rc1 d5 13. cxd5 cxd5 14. f4 Nc6 15. e5 Be7 16. a3 d4 17. Bf2 f6 18. Nf3 fxe5 19. fxe5 Bd5 20. Bc4 Bxc4 21. Rxc4 Qd5 22. Qe2 Rxf3 23. gxf3 Nxe5 24. b3 Nxc4 25. Qxe7 Ne5 0-1